| 000 | 02112nam a2200397 c 4500 | ||
|---|---|---|---|
| 003 | BLK | ||
| 005 | 20180422110301.0 | ||
| 008 | 180409b bul|||||r ||||||| ||bul|| | ||
| 010 | _aKNG00120573000 | ||
| 040 | _aBLK | ||
| 041 |
_aBUL _cBUL |
||
| 080 |
_aИзобразителни изкуства и художествени занаяти _b73/76 _x(497.2) _z73/76(497.2) |
||
| 080 |
_aАрхеология. Праисторически паметници - вж 903 _b902 _x(497.2) _z902(497.2) |
||
| 100 | 1 |
_aТодорова, Хенриета _eпърви автор _gВайсова, Хенриета Тодорова _9376267 |
|
| 700 | 1 |
_aАврамова, Мая Владимирова _eсъавт. _9365229 |
|
| 700 | 1 |
_aВайсова, Хенриета Тодорова _e* _9313909 |
|
| 139 |
_aТодорова, Хенриета и др. _bТ 64 |
||
| 245 | 1 | 0 |
_aПраисторическо изкуство в България _bИзследване _cХенриета Тодорова; съавт. Мая Владимирова Аврамова; * Хенриета Тодорова Вайсова. |
| 257 | _aBGR | ||
| 260 |
_аСофия _bБълг. художник _c1982 _fСофия : ДП Г. Димитров |
||
| 300 |
_a80 с. _bс ил. _c20 см |
||
| 380 | _a7 | ||
| 490 | 1 | _aПаметници на културата | |
| 500 | _aПълното име на първата авт. е Хенриета Тодорова Вайсова. - Рез. на англ., нем. ез. - 2 120 тир. - Библиогр. с. 66. | ||
| 650 | 4 |
_aИзобразително изкуство, праисторическо _9313910 |
|
| 650 | 4 |
_aБългария - старини _9262139 |
|
| 651 | 4 |
_aБългария _9241624 |
|
| 653 | _aизобразително изкуство | ||
| 653 | _aпраисторическо изкуство | ||
| 653 | _aпаметници на културата | ||
| 852 | _aЦб 112682 | ||
| 856 | 4 |
_qpdf _u |
|
| 856 | 4 |
_qpdf _u |
|
| 942 |
_cKNG _n0 |
||
| 944 |
_aCR _c29.12.2010 _lф / 28.12.2010 _kНаталия_Любомирова |
||
| 944 |
_aED _c11.04.2017 _lф / 28.12.2010 _kЛюдмила_Стоянова |
||
| 999 |
_c115106 _d115106 |
||